00418nam a2200157Ia 45000010006000000050017000060080041000230410008000640820022000721000024000942450085001182600009002033000032002126500008002446540008002522254820260414150839.0260414t2013||||xx |||||||||||||| ||spa|| aESP a621.382bK17 V. 3 aKay, Steven M.eAUT 0aFundamentals of statistical signal processing :bpractical algorithm development c2013 axv, 475 páginas :c24 cm. aTCA aCET